Presentación del libro "De la conspiración a la revolución 1929-1937" por Felipe Díaz Sandino (Record no. 197381)

MARC details
000 -LEADER
campo de control de longitud fija 01794nim a2200373 i 4500
001 - NÚMERO DE CONTROL
campo de control 197381
003 - IDENTIFICADOR DE NÚMERO DE CONTROL
campo de control ES-MaACL
005 - FECHA Y HORA DE LA ÚLTIMA TRANSACCIÓN
campo de control 20250828062638.0
007 - CAMPO FIJO DE DESCRIPCIÓN FÍSICA--INFORMACIÓN GENERAL
campo de control de longitud fija ss lsnjlcipnne
008 - DATOS DE LONGITUD FIJA--INFORMACIÓN GENERAL
campo de control de longitud fija 220525s1991 sp nnnn |||| 00| spa d
040 ## - FUENTE DE CATALOGACIÓN
Lengua de catalogación spa
Centro/agencia transcriptor ES-MaACL
245 00 - MENCIÓN DEL TÍTULO
Título Presentación del libro "De la conspiración a la revolución 1929-1937" por Felipe Díaz Sandino
Medio [Grabación sonora] /
Mención de responsabilidad, etc. preside D. José Prat García ; presenta D. Luis Otero
260 ## - PUBLICACIÓN, DISTRIBUCIÓN, ETC.
Lugar de publicación, distribución, etc. Madrid :
Nombre del editor, distribuidor, etc. Ateneo de Madrid,
Fecha de publicación, distribución, etc. 1991
300 ## - DESCRIPCIÓN FÍSICA
Extensión 1 casete (ca. 90 min) :
Otras características físicas son. ;
Dimensiones 11 cm
490 1# - MENCIÓN DE SERIE
Materiales especificados Actos culturales en el Ateneo de Madrid
511 ## - NOTA DE PARTICIPANTES O INTÉRPRETES
Nota de participantes o intérpretes Preside el acto José Prat García. Presenta Luis Otero.
518 ## - NOTA DE FECHA/HORA Y LUGAR DE UN ACONTECIMIENTO
Nota de fecha/hora y lugar de un acontecimiento Grabado el 11 de junio de 1991 en el Salón de Actos del Ateneo de Madrid.
520 ## - RESUMEN, ETC.
Sumario, etc. Presentación del libro "De la conspiración a la revolución 1929-1937" por Felipe Díaz Sandino, militar y aviador español que luchó en la guerra civil española. Acto patrocinado por Ediciones Libertarias y Prodhufi S.A.
540 ## - NOTA DE CONDICIONES DE USO Y REPRODUCCIÓN
Condiciones de uso y reproducción Documento inédito
594 ## - Nota al título y mención de responsabilidad
a Datos basados en la invitación.
600 ## - PUNTO DE ACCESO ADICIONAL DE MATERIA--NOMBRE DE PERSONA
Nombre de persona Díaz Sandino, Felipe.
Título de la obra De la conspiración a la revolución 1929-1937
9 (RLIN) 240641
610 20 - PUNTO DE ACCESO ADICIONAL DE MATERIA--NOMBRE DE ENTIDAD CORPORATIVA
Nombre de entidad corporativa o nombre de jurisdicción como elemento de entrada Ateneo de Madrid-
Subdivisión general Actos culturales-
Subdivisión cronológica 1991-
Subdivisión de forma Grabaciones sonoras
9 (RLIN) 240452
650 #7 - PUNTO DE ACCESO ADICIONAL DE MATERIA--TÉRMINO DE MATERIA
Término de materia o nombre geográfico como elemento de entrada Revoluciones
Fuente del encabezamiento o término embne
9 (RLIN) 16897
653 ## - TÉRMINO DE INDIZACIÓN--NO CONTROLADO
Término no controlado Archivo de la palabra
700 1# - ENTRADA AGREGADA--NOMBRE PERSONAL
9 (RLIN) 93665
Nombre de persona Prat, José,
Término indicativo de función/relación presentador
Fechas asociadas al nombre 1905-1994
700 1# - ENTRADA AGREGADA--NOMBRE PERSONAL
9 (RLIN) 87896
Nombre de persona Otero, Luis
Término indicativo de función/relación presentador
710 2# - ENTRADA AGREGADA--NOMBRE DE ENTIDAD CORPORATIVA
9 (RLIN) 1875
Nombre de entidad corporativa o nombre de jurisdicción como elemento de entrada Ateneo de Madrid
Término indicativo de función/relación Sede
710 2# - ENTRADA AGREGADA--NOMBRE DE ENTIDAD CORPORATIVA
Nombre de entidad corporativa o nombre de jurisdicción como elemento de entrada Libertarias-Prodhufi (San Lorenzo de El Escorial)
Término indicativo de función/relación Patrocinador
9 (RLIN) 5499
830 #0 - PUNTO DE ACCESO ADICIONAL DE SERIE-TÍTULO UNIFORME
Título uniforme Actos culturales en el Ateneo de Madrid
9 (RLIN) 240237
852 ## - LOCALIZACIÓN
Ubicación ES-MaACL
Ubicación en estantería Depósito Z
itemnumber 205719
942 ## - ELEMENTOS DE ENTRADA SECUNDARIOS (KOHA)
Fuente del sistema de clasificación o colocación Clasificación decimal universal
Suprimir en OPAC No
Tipo de ítem Koha Casete
Holdings
Estatus retirado Estado de pérdida Fuente del sistema de clasificación o colocación Estado de daño No para préstamo Colección Biblioteca de origen Biblioteca actual Ubicación en estantería Fecha de adquisición Total de préstamos Signatura topográfica completa Código de barras Visto por última vez Precio de reemplazo Tipo de ítem Koha
    Clasificación decimal universal     Archivo de la palabra Biblioteca del Ateneo de Madrid Biblioteca del Ateneo de Madrid Depósito Z 22/05/2025   AP/1389 2025-0445 22/05/2025 22/05/2025 Casete